000 00220 a2200097 4500
001 15053
100 _aDunsheath J & others
245 _aMountains and memsalibs
260 _aLondon
_bconstable
_c
090 _c11808
_d11808
942 _aNUST-CAE
_cM
_c2012
999 _c250126
_d250126